BIBLIOTHÈQUE DE LA MAISON DU MEXIQUE

Logo 1 Logo 2

Artes de México (notice nᵒ 8591)

détails MARC
000 -Sello discográfico
campo de control de longitud fija 01010nam a2200277 4500
005 - Identificación de versión
campo de control 20251017085842.0
099 ## - fechas locales
Tipo de ítem Koha LIBRO
100 ## - Datos de procesamiento general
Datos de procesamiento general 20021115d1960 m y1spay5003 ba
101 ## - Idioma del recurso
Idioma del texto, banda sonora, etc. Español; Castellano
-- Inglés
105 ## - Campo de datos codificados: Material textual, monográfico
Datos codificados de monografía a 001zy
200 1# - Título y mención de responsabilidad
Título propio Artes de México
Designación general del material texto impreso
Otra información del título Biblioteca Mexicana del siglo XIX
Primer mención de responsabilidad Estudio Francisco de la Maza
210 ## - Publicación, distribución, etc.
Lugar de publicación, distribución, etc. México
Nombre del editor, distribuidor, etc. Artes de México
Fecha de publicación, distribución, etc. 1960
215 ## - Descripción física
Designación de material específico y extensión del ítem 157 p
Otras características físicas il.
Dimensiones 32 cm
300 ## - Notas generales
Texto de la nota Edición facsimilar. Algunos textos español - inglés
318 ## - Nota de acción
Acción No se presta a domicilio
345 ## - Nota de información de adquisición
Fuente de adquisición/dirección de la suscripción [OBSOLETO] Donación Alain Musset
410 #1 - Series
Título Artes de México
Nombre de parte o sección Año XX
Número de volumen 168
606 ## - Término temático usado como materia
Elemento de entrada Arte
Subdivisión temática Publicaciones periódicas
Subdivisión geográfica México
Número Koha 52
606 ## - Término temático usado como materia
Elemento de entrada Literatura mexicana
Subdivisión temática Historia y crítica
Número Koha 1526
660 ## - Código de área geográfica
Código MX
702 ## - Nombre personal - Responsabilidad secundaria
Elemento de entrada Maza y de la Cuadra
Parte del nombre distinta del elemento de entrada Francisco de la
Fechas 1913-1972
Número Koha 2526
801 #0 - Fuente de origen
País FR
Agencia cm
Reglas de catalogación (convenciones descriptivas) AFNOR
942 ## - ELEMENTOS DE ENTRADA SECUNDARIOS (KOHA)
Tipo de ítem Koha Livre
Exemplaires
Estatus retirado Estado de daño Estado de pérdida Fecha de adquisición Biblioteca de origen Biblioteca actual Ubicación en estantería Código de barras Precio de reemplazo Signatura topográfica completa No para préstamo Tipo de ítem Koha Nota pública Nota no pública
      05/08/2025 Casa México Paris Casa México Paris   007702 05/08/2025 R702 A78 V.168 No se presta a domicilio Périodiques 20230317LIV 751145101